Building genre knowledge /

Bibliographic Details
Main Author: Tardy, Christine M.
Format: Book
Language:English
Published: West Lafayette, Ind. : Parlor Press, [2009]
Series:Second language writing.
Subjects:

MARC

Tag First Indicator Second Indicator Subfields
LEADER 00000cam a2200000 a 4500
001 in00002575646
005 20151201120017.0
008 090608s2009 inua bf 001 0 eng
010 |a  2009022501 
020 |a 9781602351127 (pbk. : alk. paper) 
020 |a 9781602351134 (hc : alk. paper) 
020 |a 1602351120 (pbk. : alk. paper) 
020 |a 1602351139 (hc : alk. paper) 
020 |a 9781602351141 (adobe ebook) 
020 |a 1602351147 (adobe ebook) 
029 1 |a CDX  |b 10330170 
029 1 |a CDX  |b 10330171 
029 1 |a BWX  |b R1805907 
029 1 |a BWX  |b R6805278 
029 1 |a AU@  |b 000044329234 
035 |a (OCoLC)ocn387777525 
035 |a (OCoLC)387777525 
040 |a DLC  |c DLC  |d C#P  |d CDX  |d BWX  |d YDXCP  |d UtOrBLW 
049 |a TXAM 
050 0 0 |a PE1128.A2  |b T279 2009 
082 0 0 |a 808/.0420711  |2 22 
100 1 |a Tardy, Christine M. 
245 1 0 |a Building genre knowledge /  |c Christine M. Tardy. 
264 1 |a West Lafayette, Ind. :  |b Parlor Press,  |c [2009] 
264 4 |c ©2009 
300 |a viii, 323 pages :  |b illustrations ;  |c 23 cm. 
336 |a text  |b txt  |2 rdacontent 
337 |a unmediated  |b n  |2 rdamedia 
338 |a volume  |b nc  |2 rdacarrier 
490 1 |a Second language writing 
504 |a Includes bibliographical references and index. 
505 0 |a Genre and genre knowledge -- The researcher and the writers -- Learning through other people's words -- Genre analysis in the writing classroom -- Accumulated exposure and the learning of a multimodal genre -- Repeated practice: lab reports in the graduate classroom -- The culmination of graduate research: learning to write a master's thesis -- Writing for/in a discipline: first forays into the larger research world -- Building genre knowledge. 
650 0 |a English language  |x Study and teaching  |x Foreign speakers. 
650 0 |a Interdisciplinary approach in education  |v Handbooks, manuals, etc. 
650 0 |a Academic writing  |v Handbooks, manuals, etc. 
830 0 |a Second language writing. 
938 |a Coutts Information Services  |b COUT  |n 10330171 
938 |a Blackwell Book Service  |b BBUS  |n R6805278  |c $65.00 
938 |a YBP Library Services  |b YANK  |n 3158572 
945 |a PromptCat  |b 957978 
946 |a stk 
947 |a A14840280150 
994 |a 92  |b TXA 
948 |a Cataloged  |b h  |c 2010/4/22  |d c  |e ibarton 
999 |a MARS 
999 f f |s dec4a9c5-1b72-3c28-ac40-6a519a36285b  |i 64345cd4-0c94-33a5-a69a-238de8f07f15  |t 0 
952 f f |p normal  |a Texas A&M University  |b College Station  |c Sterling C. Evans Library  |d Evans: Library Stacks  |t 0  |e PE1128.A2 T279 2009  |h Library of Congress classification  |i unmediated -- volume  |m A14840280150 
998 f f |a PE1128.A2 T279 2009  |t 0  |l Evans: Library Stacks